Color Harmony : A Guide to Creative Color Combinations

Bibliographic Details
Main Author: Hadeaki Chijiiwa (Author)
Format: Book
Language:English
Published: Gloucester : Rockport Publishers 1987
Subjects:

MARC

LEADER 00000cam a2200000 7i4500
001 0000012770
005 20241021.0
008 030917 maua eng
020 |a 0935603069 
040 |a INS   |b eng   |e rda 
090 0 0 |a ND1489   |b H53 1987 
100 1 |a Hadeaki Chijiiwa ,   |e author 
245 1 0 |a Color Harmony :   |b A Guide to Creative Color Combinations   |c Hadeaki Chijiiwa 
264 1 |a Gloucester :   |b Rockport Publishers   |c 1987 
264 4 |c ©1987 
300 |a 142 pages :   |b colour illustrations ;   |c 21 cm. 
336 |a text  |2 rdacontent 
337 |a unmediated  |2 rdamedia 
338 |a volume  |2 rdacarrier 
650 0 |a Color guides 
650 0 |a Color in arts 
999 |a 0000009431   |b BOOK   |c Open Shelf   |e Default branch